000 00361nam a22001457a 4500
005 20170920122126.0
008 170920b xxu||||| |||| 00| 0 eng d
020 _a978-93-83182-42-8
041 _aeng
082 _a621.43
100 _aMathur,M.L & Sharma, R.P
_93963
245 _aInternal Combustion Engine
260 _bDhanpat Rai Publication
942 _cBK
999 _c5600
_d5598